000 00995ngm a22002657i 4500
001 IT\ICCU\TSA\0044823
003 ItRI
005 20260124182916.0
008 990823s1995 it |||||||||||||||k|||||c
040 _bita
041 7 _aita
_2ISO-639-2
130 3 _aLe jour se lève <film ; 1939>
_3IT\ICCU\TSA\0044824
245 0 0 _aAlba tragica /
_cregia: Marcel Carne ; sceneggiatura Jacques Viot, Jacques Prevert.
260 _aMilano :
_bBramante,
_cc1995
300 _a1 videocassetta (VHS) (PAL) (87 min.) :
_bb/n, son
500 _aCast: Jean Gabin, Jacqueline Laurent, Arletty
500 _aRipr. del film del 1939 prod. Francia
500 _aDoppiato in italiano
500 _aDescrizione basata sul contenitore
500 _aSuppl. a a Cinema Bramante, I grandi maestri del cinema n. 5.
700 1 _aPrévert, Jacques
_0IT\ICCU\CFIV\006895
_4sce
700 1 _aCarné, Marcel
_0IT\ICCU\MILV\090737
_4drt
700 1 _aViot, Jacques
_0IT\ICCU\TSAV\019272
_4sce
942 _2ddc
_cVM
_n0
999 _c23657
_d23657